000 00696nam a2200265Ia 4500
005 20250425162633.0
008 250425s9999 xx 000 0 und d
020 _a9789942203106
041 _aspa
082 _a378.002
100 _aBARRIONUEVO SILVA, NEY
245 0 _aLA UNIVERSIDAD ES HUMANIDAD: PROPUESTA ALTERNATIVA
250 _aS.E.
260 _aEcuador
_bGRABA
_c2014
260 _aGUAYAQUIL
300 _a230
650 _aUNIVERSIDAD Y SOCIEDAD
650 _aUNIVERSIDAD Y SOCIEDAD
650 _aUNIVERSIDAD Y SOCIEDAD
650 _aUNIVERSIDAD-EDUCACION
650 _aUNIVERSIDAD-EDUCACION
650 _aUNIVERSIDAD-EDUCACION
942 _c01
010 _a92060
999 _c233338
_d233338